000 01333nam a2200349 i 4500
003 EG-GICUC
005 20260315155518.0
008 260315s1989 nyua|||fr|||| 001 0 eng d
020 _a0023238011
020 _a9780023238017
040 _a EG-GICUC
_c EG-GICUC
_d EG-GICUC
_erda
_beng
041 _aeng
082 0 4 _221
_a343.6
_bCO . C
092 0 4 _221
099 _aLaw1 10 343.6 CO . C 3 ed - 1989
100 1 _aConklin , John E
_eAuthor.
245 1 0 _aCriminology /
_cJohn E. Conklin Tufts University.
250 _aThird Edition
264 1 _aNew York :
_bMacmillan Publishing Company,
_c1989.
300 _a631 pages ;
_c25 cm.
336 _2rda content
_atext
337 _2rda media
_aComputer
338 _2rda carrier
_aOnline Resource
504 _aincludes bibliographical references and index.
505 _aThis text in criminology covers topics such as crime on campus, crime in cross-cultural perspective, and using criminology. It contains sections on gender, feminist criminology and power-control theory. This edition includes an expanded section on the social organization of white-collar crime.
546 _aText in English
630 _aCriminal law
630 _aCriminology
856 4 0 _uhttps://fll.law.cu.edu.eg/fulltext/bks/B10-08207.pdf
905 _a43
942 _2ddc
_n0
_cBK
_e21
999 _c66351
_d66351